Pays qui émettent le plus de CO2 par habitant - Statistiques

Statistiques générales
  • Ce quiz a été pris 27 fois
  • Le résultat moyen est 5 sur 7
Statistiques - réponses
Hint Réponse % Correct
14,9 t Etats-Unis
100%
16 t Arabie saoudite
79%
23,3 t Emirats arabes unis
79%
31,7 t Qatar
79%
14,2 t Canada
71%
16,9 t Australie
58%
25,2 t Koweit
42%
Aucun quiz correspondant
Distribution des résultats
% des personnes avec chaque résultat
Percentile par nombre de réponses
Votre historique - résultats
Vous n’avez pas pris ce quiz